Formula One Constructors Starting With B - Statistics

General Stats
  • This quiz has been taken 26 times
    20 since last reset
  • The average score is 6 of 11
Answer Stats
Seasons Races Constructor % Correct
1986–2001 260 Benetton
92%
1962–1987, 1989–1992 402 Brabham
92%
2009 17 Brawn
92%
2006-2009 70 BMW-Sauber
85%
1951, 1956–1977 208 BRM (British Racing Motors)
85%
1999–2005 118 BAR (British American Racing)
69%
1976–1977 8 Boro
15%
1956 1 Bugatti
15%
1960 4 Behra–Porsche
8%
1970–1971 6 Bellasi
8%
1963–1964 13 BRP (British Racing Partnership)
8%
No matching quizzes found
Score Distribution
Percent of People with Each Score
Percentile by Number Answered
Your Score History
You have not taken this quiz since the last reset